| 000 | 00474nam a2200205Ia 4500 | ||
|---|---|---|---|
| 003 | OSt | ||
| 005 | 20220519101412.0 | ||
| 008 | 210210b1993 xxu||||| |||| 00| 0 eng d | ||
| 040 |
_aAL _c |
||
| 041 | _aEnglish | ||
| 082 | _a574.87 POWC | ||
| 100 |
_aPOWAR (C B). _937902 |
||
| 245 | _aCell biology | ||
| 250 | _a3 | ||
| 260 |
_aBombay _bHimalaya Publishing House _c1993 |
||
| 300 | _aiv,463 | ||
| 650 |
_aCell Biology _937903 |
||
| 906 | _aSG00998 | ||
| 942 |
_2ddc _cBK |
||
| 999 |
_c112462 _d112462 |
||